000 01144nam a2200253Ia 4500
003 OSt
005 20220930204417.0
006 a|||||r|||| 00| 0
007 ta
008 220926b |||||||| |||| 00| 0 hin d
024 _a35803
037 _cDissertations
040 _aCRL
_cCRL
_bhin
041 _2hin
_ahin
100 _aशुक्ला, शिप्रा, ले.
110 _aदिल्ली विश्वविद्यालय. कला संकाय. हिन्दी विभाग
245 0 _aनासिरा शर्मा के उपन्यास बहिश्ते ज़हरा के परिप्रेक्ष्य में युद्ध और स्त्री।
246 _aNāsirā sharmā ke upanyās bahishte ज़harā ke pariprekṣhya mean yuddha aur strī।
260 _c2017
300 _a174पृ.
_ccm.
700 _aदिल्ली विश्वविद्यालय. कला संकाय. हिन्दी विभाग
942 _cDIS
_2CC
999 _c905979
_d905979